[Event "Charleroi op"]
[Site "Charleroi"]
[Date "2015.08.01"]
[Round "1"]
[White "Mastalerz, Xavier"]
[Black "Keiser, Marc"]
[Result "1-0"]
[WhiteElo "2190"]
[BlackElo "1835"]
[PlyCount "91"]
[EventDate "2015.08.01"]
[EventType "swiss"]
[EventRounds "9"]
[EventCountry "BEL"]
[SourceTitle "CBM 167 Extra"]
[Source "ChessBase"]
[SourceDate "2015.09.14"]
[SourceVersion "1"]
[SourceVersionDate "2015.09.14"]
[SourceQuality "1"]

1. d4 d5 2. Nf3 Nf6 3. c4 c6 4. e3 g6 5. Nc3 Bg7 6. Qb3 0-0 7. Bd2 e6 8. Rc1 Re8 9. Be2 Nbd7 10. 0-0 b6 11. a4 Ba6 12. Rfd1 Rb8 13. Bf1 Rb7 14. cxd5 Nc5 15. dxc5 bxc5 16. Qc2 Bxf1 17. Kxf1 exd5 18. Ne2 Ne4 19. Nc3 Qb8 20. Rb1 Nd6 21. b3 c4 22. b4 Nf5 23. Ne2 Bf8 24. b5 c5 25. Nf4 Rd7 26. Kg1 Bh6 27. g3 Qb7 28. e4 Rxe4 29. Re1 Nd6 30. Ne5 Re7 31. Nc6 Rxe1+ 32. Bxe1 Bxf4 33. Nxe7+ Qxe7 34. gxf4 Qd7 35. f3 Nf5 36. Bf2 Nd4 37. Bxd4 cxd4 38. a5 d3 39. Qc3 Qf5 40. b6 axb6 41. axb6 d2 42. Rd1 Qe6 43. Rxd2 Qxb6+ 44. Qd4 Qa6 45. Qxd5 c3 46. Qd8+ 1-0

[Event "Geraardsbergen op"]
[Site "Geraardsbergen"]
[Date "2013.08.12"]
[Round "6"]
[White "Keiser, Marc"]
[Black "Schalkx, Johnny"]
[Result "0-1"]
[WhiteElo "1821"]
[BlackElo "2197"]
[PlyCount "78"]
[EventDate "2013.08.10"]
[EventType "swiss"]
[EventRounds "9"]
[EventCountry "BEL"]
[SourceTitle "CBM 155 Extra"]
[Source "ChessBase"]
[SourceDate "2013.08.26"]
[SourceVersion "1"]
[SourceVersionDate "2013.08.26"]
[SourceQuality "1"]

1. e4 Nf6 2. e5 Nd5 3. d4 d6 4. c4 Nb6 5. exd6 cxd6 6. Nc3 g6 7. Be3 Bg7 8. Nf3 0-0 9. Qd2 Bg4 10. Ng5 Nc6 11. Be2 Bxe2 12. Qxe2 Bxd4 13. Bxd4 Nxd4 14. Qd3 e5 15. Nge4 f5 16. Nd2 Nd7 17. 0-0 Nc5 18. Qh3 e4 19. Rfd1 Nd3 20. Nf1 Qg5 21. Rxd3 exd3 22. Qxd3 Qf6 23. Rd1 Nc6 24. Ne3 Rae8 25. Ned5 Qd8 26. Qg3 Ne5 27. b3 a6 28. h4 Kh8 29. Nf4 Qf6 30. Ncd5 Qg7 31. Ne3 Nf7 32. Nh3 Re4 33. c5 dxc5 34. Rd7 Qa1+ 35. Kh2 Ne5 36. Rxb7 Rxe3 37. Rxh7+ Kxh7 38. Ng5+ Kg8 39. Nf3 Ng4+ 0-1

[Event "BEL FEFB-ch op"]
[Site "Fontaine l'Eveque"]
[Date "2010.05.14"]
[Round "4"]
[White "Callier, Christophe"]
[Black "Keiser, Marc"]
[Result "1-0"]
[WhiteElo "2011"]
[BlackElo "1855"]
[PlyCount "60"]
[EventDate "2010.05.12"]
[EventType "swiss"]
[EventRounds "7"]
[EventCountry "BEL"]
[SourceTitle "EXT 2019"]
[Source "ChessBase"]
[SourceDate "2018.10.10"]
[SourceVersion "1"]
[SourceVersionDate "2018.10.10"]
[SourceQuality "1"]

1. e4 c5 2. Nf3 e6 3. d4 cxd4 4. Nxd4 a6 5. Nc3 b5 6. Be2 Bb7 7. Bf3 Nc6 8. Be3 Bb4 9. Nxc6 Bxc6 10. Qd4 Bxc3+ 11. Qxc3 Nf6 12. Bg5 Rc8 13. Qd4 h6 14. Bh4 Ba8 15. c3 g5 16. Bg3 Rc4 17. Qe5 Bxe4 18. b3 Bxf3 19. bxc4 Bxg2 20. Rg1 Bc6 21. Qd4 Rg8 22. Be5 Rg6 23. cxb5 axb5 24. a4 Nd5 25. axb5 Ba8 26. Qa7 d6 27. Bd4 Nc7 28. b6 Nb5 29. Qxa8 Nxd4 30. cxd4 Ke7 1-0

[Event "Hainaut-ch"]
[Site "Manage"]
[Date "2008.08.23"]
[Round "7.19"]
[White "Flabat, Renaud"]
[Black "Keiser, Marc"]
[Result "0-1"]
[WhiteElo "1369"]
[BlackElo "1748"]
[PlyCount "74"]
[EventDate "2008.08.23"]
[EventType "swiss"]
[EventRounds "9"]
[EventCountry "BEL"]
[SourceTitle "EXT 2024"]
[Source "ChessBase"]
[SourceDate "2023.10.10"]
[SourceVersion "1"]
[SourceVersionDate "2023.10.10"]
[SourceQuality "1"]

1. e4 Nf6 2. e5 Nd5 3. c4 Nb6 4. Qb3 d6 5. d4 dxe5 6. d5 c6 7. Nc3 e6 8. c5 Nxd5 9. Nxd5 exd5 10. Nf3 e4 11. Nd4 Bxc5 12. Be3 Qe7 13. a3 0-0 14. Be2 f5 15. Qc3 f4 16. Nxc6 Nxc6 17. Bxc5 Qg5 18. Bxf8 Kxf8 19. g3 f3 20. Bb5 d4 21. Qc4 Qe5 22. Bxc6 bxc6 23. Qxc6 Rb8 24. 0-0-0 Bb7 25. Qa4 d3 26. Qxa7 Bd5 27. Qc5+ Kf7 28. Rd2 Rb7 29. Qe3 Qc7+ 30. Kb1 Qc4 31. b4 Qb3+ 32. Rb2 Qxa3 33. Qf4+ Kg8 34. Qd6 Ba2+ 35. Rxa2 Rxb4+ 36. Ka1 Qc3+ 37. Rb2 Qxb2# 0-1

[Event "Hainaut-ch"]
[Site "Manage"]
[Date "2008.08.23"]
[Round "5.11"]
[White "Mastalerz, Xavier"]
[Black "Keiser, Marc"]
[Result "1-0"]
[WhiteElo "1950"]
[BlackElo "1748"]
[PlyCount "127"]
[EventDate "2008.08.23"]
[EventType "swiss"]
[EventRounds "9"]
[EventCountry "BEL"]
[SourceTitle "EXT 2024"]
[Source "ChessBase"]
[SourceDate "2023.10.10"]
[SourceVersion "1"]
[SourceVersionDate "2023.10.10"]
[SourceQuality "1"]

1. e4 d6 2. c4 Nf6 3. Nc3 g6 4. g3 Bg7 5. Bg2 c6 6. Nge2 Nbd7 7. 0-0 0-0 8. h3 Nb6 9. d3 e6 10. f4 d5 11. e5 Nfd7 12. b3 f6 13. Ba3 Rf7 14. c5 fxe5 15. cxb6 Qxb6+ 16. Kh1 exf4 17. gxf4 e5 18. fxe5 Rxf1+ 19. Qxf1 Nxe5 20. d4 Nd3 21. Qf3 Qa5 22. Qxd3 Bf5 23. Qe3 Qxa3 24. Ng3 Bd7 25. Rf1 Qb4 26. Nge2 Re8 27. Qf4 Rf8 28. Qh4 Bf5 29. Qg3 Bxd4 30. Rf4 Be4 31. Rxf8+ Kxf8 32. Qb8+ Kg7 33. Qc7+ Kh6 34. Bxe4 dxe4 35. Nxd4 Qxd4 36. Qf4+ g5 37. Qf8+ Kg6 38. Qe8+ Kg7 39. Qe7+ Kg6 40. Qxe4+ Qxe4+ 41. Nxe4 b5 42. Kg2 Kf5 43. Kf3 a5 44. Ke3 h5 45. Ng3+ Kg6 46. Ke4 h4 47. Nf5 c5 48. Ne3 Kf6 49. Nd5+ Kg6 50. Ne3 Kf6 51. Kd5 b4 52. Ke4 Ke6 53. Nc4 Kf6 54. Nxa5 g4 55. hxg4 Kg5 56. Kf3 h3 57. Nb7 h2 58. Kg2 h1Q+ 59. Kxh1 Kxg4 60. Nxc5 Kf4 61. Nd3+ Ke4 62. Nxb4 Kd4 63. Kg2 Kc3 64. Nc6 1-0

[Event "Charleroi op 5th"]
[Site "Charleroi"]
[Date "2006.08.01"]
[Round "5"]
[White "Domelevo Entfellner, Jean Baka"]
[Black "Keiser, Marc"]
[Result "0-1"]
[WhiteElo "1967"]
[BlackElo "1771"]
[PlyCount "116"]
[EventDate "2006.07.29"]
[EventType "swiss"]
[EventRounds "9"]
[EventCountry "BEL"]
[SourceTitle "CBM 113 Extra"]
[Source "ChessBase"]
[SourceDate "2006.09.14"]
[SourceVersion "1"]
[SourceVersionDate "2006.09.14"]
[SourceQuality "1"]

1. c4 Nf6 2. Nc3 c5 3. g3 g6 4. Bg2 Bg7 5. Nf3 Nc6 6. e3 0-0 7. 0-0 e6 8. d4 d5 9. cxd5 Nxd5 10. Nxd5 Qxd5 11. Ne5 Qd6 12. Nxc6 bxc6 13. dxc5 Qxc5 14. a3 Ba6 15. Re1 Rab8 16. b4 Qb6 17. Bd2 Bxa1 18. Qxa1 Rfd8 19. Bc3 f5 20. Bd4 Qb7 21. Bh8 Rd7 22. Qe5 Rbd8 23. Bf3 Bc4 24. Qc3 Bd5 25. Be2 h6 26. Be5 Be4 27. Bc4 Bd5 28. Be2 c5 29. Bc4 cxb4 30. axb4 Rc8 31. Bxd5 Rxd5 32. Qb2 a5 33. Bc3 axb4 34. Qxb4 Qc6 35. Rc1 Rc5 36. Qb3 Rxc3 37. Rxc3 Qxc3 38. Qxe6+ Kf8 39. Qd6+ Kg8 40. Qxg6+ Kf8 41. Qxf5+ Kg7 42. e4 Rf8 43. Qg4+ Kh8 44. Qe2 Qf3 45. Qxf3 Rxf3 46. Kg2 Rc3 47. g4 Kg7 48. h4 Kg6 49. f3 Kf6 50. f4 Ke6 51. Kf2 Rh3 52. h5 Kd6 53. Kg2 Re3 54. g5 Rxe4 55. Kf3 Ra4 56. gxh6 Ra8 57. Kg4 Ke6 58. h7 Kf6 0-1

[Event "Charleroi op 2nd"]
[Site "Charleroi"]
[Date "2003.08.28"]
[Round "7.17"]
[White "Dumont, Andre"]
[Black "Keiser, Marc"]
[Result "1-0"]
[WhiteElo "2091"]
[BlackElo "1746"]
[PlyCount "27"]
[EventDate "2003.08.23"]
[EventType "swiss"]
[EventRounds "9"]
[EventCountry "BEL"]
[SourceTitle "EXT 2004"]
[Source "ChessBase"]
[SourceDate "2003.11.25"]
[SourceVersion "1"]
[SourceVersionDate "2003.11.25"]
[SourceQuality "1"]

1. e4 c5 2. Nf3 d6 3. d4 cxd4 4. Nxd4 Nf6 5. Nc3 g6 6. f4 Bg7 7. e5 dxe5 8. fxe5 Ng4 9. Bb5+ Kf8 10. Ne6+ fxe6 11. Qxd8+ Kf7 12. 0-0+ Nf6 13. Qc7 h5 14. exf6 1-0

[Event "Charleroi op 1st"]
[Site "Charleroi"]
[Date "2002.08.20"]
[Round "4"]
[White "Keiser, Marc"]
[Black "Lombart, Philippe"]
[Result "1-0"]
[WhiteElo "1694"]
[BlackElo "2102"]
[PlyCount "45"]
[EventDate "2002.08.17"]
[EventType "swiss"]
[EventRounds "7"]
[EventCountry "BEL"]
[SourceTitle "EXT 2003"]
[Source "ChessBase"]
[SourceDate "2002.11.25"]
[SourceVersion "1"]
[SourceVersionDate "2002.11.25"]
[SourceQuality "1"]

1. e4 e5 2. Nf3 Nc6 3. Bb5 a6 4. Ba4 Nf6 5. 0-0 Nxe4 6. Re1 Nc5 7. Nxe5 Nxe5 8. Rxe5+ Ne6 9. d4 b5 10. Bb3 Bd6 11. Re1 0-0 12. c3 Bb7 13. Qg4 Qf6 14. Nd2 Ng5 15. Nf1 h6 16. Bc2 Rae8 17. Bd2 g6 18. h4 Ne6 19. Bxh6 Nf4 20. Bg5 Qxg5 21. Qxg5 Kg7 22. Ne3 Rh8 23. Nf5+ 1-0

[Event "Charleroi op 1st"]
[Site "Charleroi"]
[Date "2002.08.18"]
[Round "2"]
[White "Charlier, Benoit"]
[Black "Keiser, Marc"]
[Result "0-1"]
[WhiteElo "1373"]
[BlackElo "1694"]
[PlyCount "66"]
[EventDate "2002.08.17"]
[EventType "swiss"]
[EventRounds "7"]
[EventCountry "BEL"]
[SourceTitle "EXT 2003"]
[Source "ChessBase"]
[SourceDate "2002.11.25"]
[SourceVersion "1"]
[SourceVersionDate "2002.11.25"]
[SourceQuality "1"]

1. d4 Nf6 2. g4 Nxg4 3. e4 d5 4. Be2 Nf6 5. e5 Nfd7 6. Nc3 e6 7. Nf3 c5 8. Be3 cxd4 9. Bxd4 Nc6 10. Rg1 Nxd4 11. Qxd4 a6 12. 0-0-0 Qc7 13. Qa4 g6 14. Nb5 Qb6 15. c4 Bh6+ 16. Kb1 0-0 17. cxd5 exd5 18. Nc3 Nc5 19. Qd4 Bf5+ 20. Bd3 Bxd3+ 21. Rxd3 Qc6 22. Qxd5 Nxd3 23. Qxd3 Rad8 24. Qe2 Rfe8 25. Ne4 Bg7 26. Rc1 Qd5 27. Qd2 Bxe5 28. Nxe5 Qxe5 29. f3 Rc8 30. Qg2 Rxc1+ 31. Kxc1 Qf4+ 32. Nd2 Rc8+ 33. Kb1 Qe3 0-1